Whizz-bang walloped (Record no. 72988)
[ view plain ]
| 000 -LEADER | |
|---|---|
| fixed length control field | 01458cam a2200241 4500 |
| 001 - CONTROL NUMBER | |
| control field | ABS66803 |
| 008 - FIXED-LENGTH DATA ELEMENTS--GENERAL INFORMATION | |
| fixed length control field | 030702n2003 000 0 eng u |
| 035 ## - SYSTEM CONTROL NUMBER | |
| System control number | (Sirsi) u122900 |
| 100 ## - MAIN ENTRY--PERSONAL NAME | |
| Personal name | Bingham, T. |
| 245 ## - TITLE STATEMENT | |
| Title | Whizz-bang walloped |
| 260 ## - PUBLICATION, DISTRIBUTION, ETC. | |
| Date of publication, distribution, etc. | 2003 |
| 490 ## - SERIES STATEMENT | |
| Series statement | Building |
| Volume/sequential designation | 268(8288) 20 June 2003, 54-55(2) |
| 520 ## - SUMMARY, ETC. | |
| Summary, etc. | Discusses the implication for adjudication and arbitrators in "Badderley and another v Barker" ([2003] EWCA Civ 742, unreported). Here a nuisance claim was originally dismissed by the use of documents only. Argues that it may sometimes be unfair to conduct a case in this way as the adjudicator needs to 'see, hear and feel' the answers to awkward questions. Concludes by stating that the answer may well be to stop bringing big cases to adjudication unless an adjudicator can be found who is fair. View judgment at www.bailii.org. |
| 590 ## - LOCAL NOTE (RLIN) | |
| Local note | ABS |
| 650 ## - SUBJECT ADDED ENTRY--TOPICAL TERM | |
| Topical term or geographic name entry element | BADDELEY AND ANOTHER V BARKER |
| 650 ## - SUBJECT ADDED ENTRY--TOPICAL TERM | |
| Topical term or geographic name entry element | MANAGEMENT-DISPUTE AVOIDANCE, MANAGEMENT AND RESOLUTION-DISPUTE MANAGEMENT AND RESOLUTION-ALTERNATIVE DISPUTE RESOLUTION-ADJUDICATION |
| 650 ## - SUBJECT ADDED ENTRY--TOPICAL TERM | |
| Topical term or geographic name entry element | MANAGEMENT-DISPUTE AVOIDANCE, MANAGEMENT AND RESOLUTION-DISPUTE MANAGEMENT AND RESOLUTION-ARBITRATION |
| 650 ## - SUBJECT ADDED ENTRY--TOPICAL TERM | |
| Topical term or geographic name entry element | FLOOD DAMAGE |
| 650 ## - SUBJECT ADDED ENTRY--TOPICAL TERM | |
| Topical term or geographic name entry element | DOCUMENTS ONLY ARBITRATIONS |
| 690 ## - LOCAL SUBJECT ADDED ENTRY--TOPICAL TERM (OCLC, RLIN) | |
| Topical term or geographic name as entry element | Dispute resolution |
| 9 (RLIN) | 6236 |
| 856 ## - ELECTRONIC LOCATION AND ACCESS | |
| Uniform Resource Identifier | <a href="https://www.bailii.org/cgi-bin/markup.cgi?doc=/ew/cases/EWCA/Civ/2003/742.html">https://www.bailii.org/cgi-bin/markup.cgi?doc=/ew/cases/EWCA/Civ/2003/742.html</a> |
| Hours access method available | View the judgment on the BAILII website... |
| 942 ## - ADDED ENTRY ELEMENTS (KOHA) | |
| Suppress in OPAC | 0 |
| Withdrawn status | Lost status | Source of classification or shelving scheme | Damaged status | Not for loan | Home library | Current library | Shelving location | Date acquired | Total Checkouts | Full call number | Barcode | Date last seen | Copy number | Price effective from | Koha item type |
|---|---|---|---|---|---|---|---|---|---|---|---|---|---|---|---|
| Dewey Decimal Classification | London | London | Journals | 02/07/2003 | ABS66803 | 122900-1001 | 06/08/2019 | 1 | 06/08/2019 | Journal article |